Statistics for Države Severne Amerike

Click here to take the quiz!

General Stats

  • This quiz has been taken 66 times
  • The average score is 15 of 23

Answer Stats

Država% Correct
Sjedinjene Američke Države
95%
Kanada
92%
Meksiko
92%
Kuba
84%
Jamajka
79%
Dominika
76%
Kostarika
71%
Bahami
68%
Dominikanska Republika
68%
Honduras
68%
Panama
66%
El Salvador
63%
Haiti
63%
Barbados
58%
Sveta Lucija
58%
Trinidad i Tobago
58%
Belize
55%
Antigva i Barbuda
53%
Nikaragva
53%
Gvatemala
50%
Sent Kits i Nevis
47%
Grenada
45%
Sent Vinsent i Grenadini
39%

Score Distribution

Percentile by Number Answered

Percent of People with Each Score

Your Score History

You have not taken this quiz